| 000 | 00587nam a2200205Ia 4500 | ||
|---|---|---|---|
| 005 | 20250508162107.0 | ||
| 008 | 008 250505s9999 xx 000 0 eng d | ||
| 020 | _a0-02-977260-5 | ||
| 037 | _aTextual | ||
| 040 |
_aFEDL _beng _cFEDL |
||
| 041 |
_aeng _2eng |
||
| 084 |
_a370.193, BEC _qFEDL |
||
| 100 |
_aBeck John et. al _9772278 |
||
| 245 | 0 | _aWorld apart readings for a sociology of education | |
| 260 |
_aLondon, UK _bCollier-Macmillan Limited _c1976 |
||
| 300 | _a569p. | ||
| 650 | _aEducation | ||
| 942 |
_cTEXL _h370.193, BEC |
||
| 999 |
_c1374344 _d1374344 |
||